Detalles MARC
| 000 -CABECERA |
| Longitud fija campo de control |
02066nam a2200565 c 4500 |
| 001 - NÚMERO DE CONTROL |
| Número de control |
24202 |
| 003 - IDENTIFICADOR DE NÚMERO DE CONTROL |
| Identificador del número de control |
ES-MaCES |
| 005 - FECHA Y HORA DE LA ÚLTIMA TRANSACCIÓN |
| Fecha y hora de la última transacción |
20150925133524.0 |
| 008 - CAMPO FIJO DE DESCRIPCIÓN FIJA--INFORMACIÓN GENERAL |
| Códigos de información de longitud fija |
120118s2011 sp d t o000 | spa d |
| 017 ## - NÚMERO DE REGISTRO DE DERECHOS DE AUTOR Y DEPÓSITO LEGAL |
| Número de copyright o de depósito legal |
M 34489-2011 |
| Agencia que asigna el número |
DL |
| 020 ## - ISBN (INTERNATIONAL STANDARD BOOK NUMBER) |
| Número Internacional Normalizado para Libros (ISBN) |
9788484173861 |
| 024 7# - OTROS IDENTIFICADORES |
| Número normalizado o código |
790-11-049-5 |
| Fuente del número o código |
nipo |
| 035 ## - NÚMERO DE CONTROL DEL SISTEMA |
| Número de control del sistema |
CES20120000189m |
| 040 ## - FUENTE DE CATALOGACIÓN |
| Centro catalogador de origen |
ES-MaCES |
| Lengua de catalogación |
spa |
| Centro transcriptor |
ES-MaCES |
| 041 1# - CÓDIGO DE IDIOMA |
| Código de lengua del texto;banda sonora o título independiente |
spa |
| Código de lengua original |
eng |
| 245 00 - MENCIÓN DE TÍTULO |
| Título |
Deslocalización y condiciones laborales del trabajo a distancia |
| Mención de responsabilidad, etc. |
compilación de, Jon C. Messenger, Naj Ghosheh ; [traducción, Babel] |
| 260 ## - PUBLICACIÓN, DISTRIBUCIÓN, ETC (PIE DE IMPRENTA) |
| Lugar de publicación, distribución, etc. |
Madrid |
| Nombre del editor, distribuidor, etc. |
Ministerio de Trabajo e Inmigración, Subdirección General de Información Administrativa y Publicaciones |
| Fecha de publicación, distribución, etc. |
[2011] |
| 300 ## - DESCRIPCIÓN FÍSICA |
| Extensión |
323 p. |
| Otras características físicas |
gráf. bl. y n. |
| Dimensiones |
22 cm |
| 490 1# - MENCIÓN DE SERIE |
| Mención de serie |
Colección Informes OIT |
| Designación de volumen o secuencia |
88 |
| 500 ## - NOTA GENERAL |
| Nota general |
Traducción de: Offshoring and working conditions in remote work |
| 500 ## - NOTA GENERAL |
| Nota general |
Índices |
| 504 ## - NOTA DE BIBLIOGRAFÍA, ETC. |
| Nota de bibliografía, etc. |
Bibliografía: p. 309-323 |
| 541 ## - NOTA DE LA FUENTE INMEDIANTE DE ADQUISICIÓN |
| Forma de adquisición |
Gratuito |
| 650 #4 - ASIENTO SECUNDARIO DE MATERIA--TÉRMINO DE MATERIA |
| Término de materia o nombre geográfico como elemento inicial |
reubicacion internacional de industrias |
| 9 (RLIN) |
30635 |
| 650 #4 - ASIENTO SECUNDARIO DE MATERIA--TÉRMINO DE MATERIA |
| Término de materia o nombre geográfico como elemento inicial |
subcontratación |
| 9 (RLIN) |
28256 |
| 650 #4 - ASIENTO SECUNDARIO DE MATERIA--TÉRMINO DE MATERIA |
| Término de materia o nombre geográfico como elemento inicial |
condiciones de trabajo |
| 9 (RLIN) |
28327 |
| 650 #4 - ASIENTO SECUNDARIO DE MATERIA--TÉRMINO DE MATERIA |
| Término de materia o nombre geográfico como elemento inicial |
condiciones de empleo |
| 9 (RLIN) |
30040 |
| 650 #4 - ASIENTO SECUNDARIO DE MATERIA--TÉRMINO DE MATERIA |
| Término de materia o nombre geográfico como elemento inicial |
país desarrollado |
| 9 (RLIN) |
27091 |
| 650 #4 - ASIENTO SECUNDARIO DE MATERIA--TÉRMINO DE MATERIA |
| Término de materia o nombre geográfico como elemento inicial |
país en desarrollo |
| 9 (RLIN) |
27092 |
| 650 #4 - ASIENTO SECUNDARIO DE MATERIA--TÉRMINO DE MATERIA |
| Término de materia o nombre geográfico como elemento inicial |
India |
| 9 (RLIN) |
26912 |
| 650 #4 - ASIENTO SECUNDARIO DE MATERIA--TÉRMINO DE MATERIA |
| Término de materia o nombre geográfico como elemento inicial |
Brasil |
| 9 (RLIN) |
26857 |
| 650 #4 - ASIENTO SECUNDARIO DE MATERIA--TÉRMINO DE MATERIA |
| Término de materia o nombre geográfico como elemento inicial |
Filipinas |
| 9 (RLIN) |
26926 |
| 650 #4 - ASIENTO SECUNDARIO DE MATERIA--TÉRMINO DE MATERIA |
| Término de materia o nombre geográfico como elemento inicial |
Argentina |
| 9 (RLIN) |
26852 |
| 650 #4 - ASIENTO SECUNDARIO DE MATERIA--TÉRMINO DE MATERIA |
| Término de materia o nombre geográfico como elemento inicial |
estudio de casos |
| 9 (RLIN) |
28846 |
| 650 #4 - ASIENTO SECUNDARIO DE MATERIA--TÉRMINO DE MATERIA |
| Término de materia o nombre geográfico como elemento inicial |
comparación |
| 9 (RLIN) |
28892 |
| 650 #4 - ASIENTO SECUNDARIO DE MATERIA--TÉRMINO DE MATERIA |
| Término de materia o nombre geográfico como elemento inicial |
calidad de la vida de trabajo |
| 9 (RLIN) |
30024 |
| 650 #4 - ASIENTO SECUNDARIO DE MATERIA--TÉRMINO DE MATERIA |
| Término de materia o nombre geográfico como elemento inicial |
organización del trabajo |
| 9 (RLIN) |
29209 |
| 650 #4 - ASIENTO SECUNDARIO DE MATERIA--TÉRMINO DE MATERIA |
| Término de materia o nombre geográfico como elemento inicial |
repertorio de recomendaciones prácticas |
| 9 (RLIN) |
29261 |
| 653 10 - TÉRMINO DE INDEXACIÓN--NO CONTROLADO |
| Término no controlado |
Empleo |
| 650 #4 - ASIENTO SECUNDARIO DE MATERIA--TÉRMINO DE MATERIA |
| 9 (RLIN) |
30601 |
| Término de materia o nombre geográfico como elemento inicial |
estrategia empresarial |
| 700 1# - ENCABEZAMIENTO SECUNDARIO--NOMBRE PERSONAL |
| Nombre de persona |
Messenger, Jon C. |
| Término indicativo de función |
col. |
| 9 (RLIN) |
18506 |
| 700 1# - ENCABEZAMIENTO SECUNDARIO--NOMBRE PERSONAL |
| Nombre de persona |
Ghosheh, Naj |
| Término indicativo de función |
col. |
| 9 (RLIN) |
13311 |
| 710 2# - ENCABEZAMIENTO SECUNDARIO--NOMBRE CORPORATIVO |
| Nombre de entidad o nombre de jurisdicción como elemento inicial |
Babel |
| Término indicativo de función |
tr. |
| 9 (RLIN) |
1568 |
| 710 1# - ENCABEZAMIENTO SECUNDARIO--NOMBRE CORPORATIVO |
| Nombre de entidad o nombre de jurisdicción como elemento inicial |
España |
| Unidad subordinada |
Ministerio de Trabajo e Inmigración |
| Término indicativo de función |
ed. |
| 9 (RLIN) |
3272 |
| 740 02 - ENCABEZAMIENTO SECUNDARIO--TÍTULO ANALÍTICO/RELACIONADO NO CONTROLADO |
| Título relacionado o analítico no controlado |
Offshoring and working conditions in remote work |
| 830 #0 - ENCABEZAMIENTO SECUNDARIO DE COLECCIÓN--TÍTULO UNIFORME |
| Título uniforme |
Colección Informes OIT |
| Designación de volumen o secuencia |
88 |
| 9 (RLIN) |
32372 |
| 902 ## - CES. TIPO DE DOCUMENTO |
| Tipodoc (006$c Sirtex) |
LIB Libro |
| 942 ## - ELEMENTOS KOHA |
| Fuente de clasificaión o esquema |
Clasificación propia del CES |
| Koha [por defecto] tipo de item |
Monografías |
| Parte de clasificación |
2.1. |